00512nam a22001817a 450000500170000000800410001704000070005804100120006508200210007710000250009824500310012326000410015430000260019536500540022144000130027565000080028865000340029620241212151917.0241212b ||||| |||| 00| 0 eng d cAL aEnglish 223a348.04bEASS aEastern Book Company aSupreme Court Cases: Vol 1 aLucknowbEastern Book Company c1975 a912 p.bHBc24x16 cm. a1061b₹959.52c₹d₹1279.36e25%f28-11-2024 aVolume 1 aLaw aMode of Citation (1975) 1 SCC